[Event "Cali op-D"]
[Site "Cali"]
[Date "2008.12.30"]
[Round "9"]
[White "Hoyos, Nelson Daniel"]
[Black "Rodriguez, German Enrique"]
[Result "0-1"]
[WhiteElo "1600"]
[BlackElo "1982"]
[PlyCount "34"]
[EventDate "2008.12.26"]
[EventType "swiss"]
[EventRounds "9"]
[EventCountry "COL"]
[SourceTitle "EXT 2011"]
[Source "ChessBase"]
[SourceDate "2010.11.26"]
[SourceVersion "1"]
[SourceVersionDate "2010.11.26"]
[SourceQuality "1"]

1. e4 c5 2. Nf3 e6 3. Nc3 a6 4. d4 cxd4 5. Nxd4 Qc7 6. g3 g6 7. Bg2 Bg7 8. 0-0 Nc6 9. Nf3 b5 10. Be3 Bb7 11. Qd2 Na5 12. b3 Bxc3 13. Qd1 Bxa1 14. Qxa1 f6 15. Qd4 Nc6 16. Qc5 Rc8 17. e5 Nxe5 0-1

[Event "Cali op-D"]
[Site "Cali"]
[Date "2008.12.27"]
[Round "4"]
[White "Hoyos, Nelson Daniel"]
[Black "Jaramillo Ochoa, Mateo"]
[Result "0-1"]
[WhiteElo "1600"]
[BlackElo "1588"]
[PlyCount "30"]
[EventDate "2008.12.26"]
[EventType "swiss"]
[EventRounds "9"]
[EventCountry "COL"]
[SourceTitle "EXT 2011"]
[Source "ChessBase"]
[SourceDate "2010.11.26"]
[SourceVersion "1"]
[SourceVersionDate "2010.11.26"]
[SourceQuality "1"]

1. e4 c5 2. Nf3 Nc6 3. d4 cxd4 4. Nxd4 Nf6 5. Nc3 e5 6. Nb3 Bb4 7. g3 Nxe4 8. Bd2 Nxd2 9. Qxd2 d5 10. Bg2 d4 11. Bxc6+ bxc6 12. 0-0-0 Bg4 13. Rde1 dxc3 14. Qxd8+ Kxd8 15. Rxe5 cxb2+ 0-1